Arte en una edad de destrucción
Zapisane w:
| 1. autor: | |
|---|---|
| Format: | Książka |
| Język: | hiszpański |
| Wydane: |
Madrid
Biblioteca Nueva
2010
|
| Seria: | Colección Metrópoli, 18
|
| Hasła przedmiotowe: | |
| Etykiety: |
Dodaj etykietę
Nie ma etykietki, Dołącz pierwszą etykiete!
|
MARC
| LEADER | 00000cam a2200000 a 4500 | ||
|---|---|---|---|
| 001 | UCF1113 | ||
| 003 | CL-VaPUC | ||
| 008 | 120621e20100000SP |||||||||||||||||spa|d | ||
| 020 | |a 9788499400921 | ||
| 082 | 0 | 4 | |a 701.18 |b SUB |2 21 |
| 100 | 0 | |a Subirats, Eduardo |e author |9 562770 | |
| 245 | 1 | 0 | |a Arte en una edad de destrucción |
| 300 | |a 152 p | ||
| 942 | |c BK | ||
| 945 | |d 20120621 00:00:00 |a dcastane | ||
| 260 | |a Madrid |b Biblioteca Nueva |c 2010 | ||
| 650 | 0 | |a Arte |9 265238 | |
| 650 | 0 | |a Estética |9 264950 | |
| 650 | 0 | |a Crítica e interpretación |9 255042 | |
| 583 | |a last modification |c 20120621 10:53:00 |k Rodrigo Vera | ||
| 490 | 0 | |a Colección Metrópoli, 18 | |
| 999 | |c 348082 |d 348080 | ||
| 952 | |0 0 |1 0 |4 0 |6 701_180000000000000_SUB_2010 |7 0 |8 A |9 449957 |a BIBART |b BIBART |d 2019-11-22 |i 4876229 |o 701.18 SUB 2010 |p 4876229 |r 2025-03-13 |w 2019-11-22 |y BK |k ART | ||